Využitie OCR obehu pri výrobe elektriny z termálnej vody

Gespeichert in:
Bibliographische Detailangaben
1. Verfasser: Križan, Jakub (Verfasst von)
Weitere Verfasser: Murín, Justín (Betreuung Doktorarbeit)
Format: Manuskript Buch
Sprache:Slowakisch
Veröffentlicht: 2017
Schlagworte:
Online-Zugang:http://is.stuba.sk/zp/portal_zp.pl?podrobnosti=131233
Tags: Tag hinzufügen
Keine Tags, Fügen Sie das erste Tag hinzu!

MARC

LEADER 00000ntm a22000003a 4500
001 stuzp62714
003 SK-STU
005 20170703094246.9
007 ta
008 150427s2015----xo-----f-mn---000-0-slo-d
040 |a STU  |b slo 
041 0 |a slo 
044 |a xo 
100 1 |a Križan, Jakub  |u 030400  |4 aut  |U FEI Fakulta elektrotechniky a informatiky  |T FEI Ústav automobilovej mechatroniky  |X 9026  |U E400  |Y 642  |7 9026 
242 0 1 |a The utilization of the OCR during production of electricity from a thermal water  |y eng 
245 1 0 |a Využitie OCR obehu pri výrobe elektriny z termálnej vody 
260 |c 2017 
300 |a 56 s. 
650 4 |a organický Clausius - Rankin  |2 slo 
650 4 |a OCR obeh  |2 slo 
650 4 |a termodynamická účinnosť obehu  |2 slo 
650 4 |a geotermálne elektrárne  |2 slo 
650 4 |a Geothermal power plant  |2 eng 
650 4 |a Organic Clausius – Rankin  |2 eng 
650 4 |a OCR cycle  |2 eng 
650 4 |a thermodynamic efficiency cycle  |2 eng 
700 1 |a Murín, Justín  |u 030400  |k Z1  |4 ths  |U FEI Fakulta elektrotechniky a informatiky  |T FEI Ústav automobilovej mechatroniky  |X 1830  |U E400  |Y 642  |7 A000001830 
856 4 |u http://is.stuba.sk/zp/portal_zp.pl?podrobnosti=131233 
996 |b 284EP11692  |c E*DIPL- 11692  |l EE32  |s P  |a 0  |w stuzp62714_0001